000 00427nam a2200169Ia 4500
008 170705s9999 xx 000 0 und d
020 _a9780439686167
245 2 _aA pocket full of kisses /
245 _cAudrey Penn ; illustrated by Barbara L. Gibson.
260 _aNew York :
260 _bScholastic,
260 _c2004
300 _aunpaged :
300 _bcolor illustration ;
300 _c27cm.
500 _a830
999 _c336815
_d336815